000 00418pam a2200157a 44500
008 230515b1986 xxu||||| |||| 00| 0 eng d
020 _aNULL
041 _aENGL
082 _a614 GIL.
100 _a"GILL SONYA,"
245 _aHEALTH FOR ALL CONCEPT & REALITY
250 _a0
260 _aBOMBAY
_bFOUNDATION FOR RESEARCH IN COMMUNITY HEALTH
_c1986
300 _aIV+339
650 _aPUBLIC HEALTH & RELATED TOPICS
999 _c539154
_d539154